000 00458nam a2200181Ia 4500
001 9193
005 20260306160705.0
008 260306t2014||||xx |||||||||||||| ||spa||
041 _aESP
082 _a375.001
_bG96
100 _aGutiérrez-Chiñas, Agustín
_eAUT
245 0 _aPlaneación diaria de la clase:
_bguía para el docente
260 _c2014
300 _a77 páginas :
_c23 cm.
650 _aGEN
654 _aCED
942 _cLIB
_dJUS
_fJUS
_2ddc
_n
999 _c9193
_d9193